书目信息 |
| 题名: |
中国当代名家画集
|
|
| 作者: | 刘怀山 绘 | |
| 分册: | 刘怀山 | |
| 出版信息: | 北京 人民美术出版社 2015 |
|
| 页数: | 209页 | |
| 开本: | 37cm | |
| 丛书名: | ||
| 单 册: | ||
| 中图分类: | J221 , J222.76 | |
| 科图分类: | ||
| 主题词: | 绘画--作品集--中国--当代 , 水墨画--作品集--中国--现代 | |
| 电子资源: | ||
| ISBN: | 978-7-102-07129-9 | |
| 000 | 00689nam0 2200241 450 | |
| 001 | 339790 | |
| 005 | 20150608153624.21 | |
| 010 | @a978-7-102-07129-9@b精装@dCNY380.00 | |
| 100 | @a20150331d2015 em y0chiy50 ea | |
| 101 | 0 | @achi |
| 102 | @aCN@b110000 | |
| 105 | @aaf z 000yy | |
| 106 | @ad | |
| 200 | 1 | @a中国当代名家画集@Azhong guo dang dai ming jia hua ji@i刘怀山@f刘怀山绘 |
| 210 | @a北京@c人民美术出版社@d2015 | |
| 215 | @a209页@c照片, 图版@d37cm | |
| 606 | 0 | @a绘画@x作品集@y中国@z当代 |
| 606 | 0 | @a水墨画@x作品集@y中国@z现代 |
| 690 | @aJ221@v5 | |
| 690 | @aJ222.76@v5 | |
| 701 | 0 | @a刘怀山@Aliu huai shan@4绘 |
| 801 | 0 | @aCN@b卓展宏图@c20150525 |
| 905 | @dJ221@e155@f4 | |
| 中国当代名家画集.刘怀山/刘怀山绘.-北京:人民美术出版社,2015 |
| 209页:照片, 图版;37cm |
| ISBN 978-7-102-07129-9(精装):CNY380.00 |
| ● |
| 相关链接 |
|
|
|
|
正题名:中国当代名家画集
索取号:J221/155
 
预约/预借
| 序号 | 登录号 | 条形码 | 馆藏地/架位号 | 状态 | 备注 |
| 1 | 864067 | 208640675 | 第一样本阅览室/ [索取号:J221/155] | 在馆 | |
| 2 | 864068 | 208640684 | 美术系资料室/ [索取号:J221/155] | 在馆 | |
| 3 | 864069 | 208640693 | 第一借阅区/ [索取号:J221/155] | 在馆 | |
| 4 | 864070 | 208640700 | 第一借阅区/ [索取号:J221/155] | 在馆 |